Art-facts and artefacts : visualising the material world in Middle Kingdom Egypt /

محفوظ في:

مؤلفون مشاركون: Universität Wien. Historisch-Kulturwissenschaftliche Fakultät., Meketre Scene Repository., Fond zur Förderung der Wissenschaftlichen Forschung (Austria)

مؤلفون آخرون: Hudáková, Lubica (المحرر), Jánosi, Peter (المحرر), Jurman, Claus (المحرر), Siffert, Uta (المحرر)

التنسيق: كتاب

اللغة: English

منشور في: London : Golden House Publications, 2018.

سلاسل: Middle Kingdom studies ; 8.
MKS ; 8.

الموضوعات:

الوسوم: إضافة وسم

لا توجد وسوم, كن أول من يضع وسما على هذه التسجيلة!

رقم الطلب: DT61 .A785

LEADER 01880nam a22004457a 4500
003 OSt
005 20251230140042.0
008 251230t2018 enkabf b 000 0 eng d
020 |a 9781906137601  |q hardcover 
035 |a (OCoLC)1035755373  |z (OCoLC)1028672009  |z (OCoLC)1028850482  |z (OCoLC)1100428868 
040 |c ARCE Library 
042 |a lccopycat 
043 |a f-ua--- 
050 1 4 |a DT61  |b .A785 
245 0 0 |a Art-facts and artefacts :   |b visualising the material world in Middle Kingdom Egypt /   |c Lubica Hudáková, Peter Jánosi, Claus Jurman, Uta Siffert (eds.). 
246 3 0 |a Visualising the material world in Middle Kingdom Egypt. 
264 1 |a London :   |b Golden House Publications,   |c 2018. 
300 |a x, 99 pages, xvi pages of plates :   |b illustrations (some color), maps ;   |c 31 cm. 
490 1 |a Middle Kingdom studies,   |x 2515-0944 ;   |v 8. 
490 1 |a MKS ;   |v 8. 
500 |a "Universität Wien. Historisch-Kulturwissenschaftliche Fakultät. Meketre Scene Repository. FWF der Wissenschaftsfonds." 
500 |a Based on papers from the workshop held at the Kunsthistorisches Museum in Vienna, June 30, 2017. 
504 |a Includes bibliographical references. 
650 0 |a Art, Egyptian  |x History. 
650 0 |a Material culture in art. 
650 0 |a Tombs  |z Egypt. 
650 0 |a Mural painting and decoration, Egyptian  |z Egypt. 
651 0 |a Egypt  |x Antiquities. 
700 1 |a Hudáková, Lubica,  |e editor 
700 1 |a Jánosi, Peter,  |e editor 
700 1 |a Jurman, Claus,  |e editor 
700 1 |a Siffert, Uta,  |e editor 
710 2 |a Universität Wien.  |b Historisch-Kulturwissenschaftliche Fakultät. 
710 2 |a Meketre Scene Repository. 
710 2 |a Fond zur Förderung der Wissenschaftlichen Forschung (Austria) 
830 0 |a Middle Kingdom studies ;   |v 8. 
830 0 |a MKS ;   |v 8. 
901 |a reviewed 
942 |2 lcc  |c BK 
999 |c 49639  |d 49639